000 01060ngm a22003970a 4500
001 PT13932
003 AR-LpoUNG
005 20210202000447.0
007 vd cvaizq
008 191001s2000||||ag |||||||||||||||||spa d
037 _c$6
040 _aAR-LpoUNG
_bspa
_cAR-LpoUNG
_eaacr
041 _aspa
044 _aag
082 0 _a306.1 775v2
100 1 _aStagnaro, Bruno
_edir.
245 1 0 _aOkupas
260 _aBuenos Aires :
_bIdeas del Sur,
_c2000.
300 _aVHS : son., col.
505 0 _aGuión: Alberto Muñoz, Esther Feldman. - Copia. Cada casette tiene el resúmen de los capítulos que trata.
650 4 _aCONDICIONES DE VIDA
650 4 _aCONDICIONES SOCIALES
650 4 _aPOBREZA
650 4 _aPROBLEMAS SOCIALES
650 4 _aRELACIONES HUMANAS
650 4 _aSOCIEDAD
650 4 _aSUBCULTURA
650 4 _aTRABAJO
650 4 _aVALORES CULTURALES
650 4 _aVIVIENDA
653 _aCINE ARGENTINO
653 _aVIDEOS
710 2 _aIdeas del Sur (Firma comercial)
905 _a13932
942 _cVIDEO
999 _c54898
_d54898